Представление документа в формате RUSMARC

ПолеНазваниеЗначение
  Тип записи a
  Библиографический уровень m
001 Контрольный номер RU/SLIB/B/208747781
005 Дата корректировки 20220217124211.7
010 Индекс ISBN __
d Цена 0-85
101 Язык документа 0_
a Язык текста rus
200 Заглавие и сведения об ответственности 1_
a Заглавие Технические средства библиотечной работы
e Сведения, относящиеся к заглавию учеб. пособие
f Первые сведения об ответственности под ред. А. В. Соколова
b Общее обозначение материала Текст
210 Выходные данные 1_
a Место издания М.
c Издательство Книга
d Дата издания 1982
215 Физическое описание __
a Объем 272 с.
606 Тематические рубрики __
a Основная рубрика Библиотечное дело
606 Тематические рубрики __
a Основная рубрика Теория библиотечного дела
610 Ключевые слова 0_
a Ключевые слова технические средства; библиотечная работа; библиотечная деятельность; техническое оснащение; библиотеки
686 Индексы других классификаций __
a Классификационный индекс 78.30я73; В78.3я73
702 Вторичная интеллектуальная ответственность _1
a Фамилия Соколова
b Имя А. В.
4 Код отношения Редактор
4 Код отношения 340
801 Источник записи _0
a Страна RU
b Организация Муниципальное бюджетное учреждение культуры "Централизованная библиотечная система" г. Сургут (Центральная городская библиотека им. А. С. Пушкина)
g Правила каталогизации КиК/Уланова
801 Источник записи _1
a Страна RU
b Организация Муниципальное бюджетное учреждение культуры "Централизованная библиотечная система" г. Сургут (Центральная городская библиотека им. А. С. Пушкина)
g Правила каталогизации КиК/Уланова
852 Данные о местонахождении __
j Шифр хранения 78.30я73
i Авторский знак Т 38
p Инвентарный номер 13965
901 Тип документа __
t Тип документа m
969 Тип издания __
a Тип издания учебное пособие
990 Данные о заказе (DOS) __
j Количество экземпляров (DOS) 3